| 000 | 00659nam a2200229 a 4500 | ||
|---|---|---|---|
| 005 | 20210223123943.0 | ||
| 008 | 991125n 000 0 u | ||
| 035 | _aUPN01000085326 | ||
| 100 | 1 |
_aKirsch, Irwin S. _941192 |
|
| 222 | _aJOURNAL OF READING | ||
| 245 | _aLearning from exposition. Understanding cases and classes through knowledge modeling | ||
| 300 | _a332-339 | ||
| 362 | _a35, No. 4, 1991 | ||
| 505 | _aAbril 1992 | ||
| 653 | 0 | _aCLASIFICACION | |
| 653 | 0 | _aESTRATEGIAS DE APRENDIZAJE | |
| 653 | 0 | _aLECTURA DEL AREA DEL CONTENIDO | |
| 653 | 0 | _aMODELOS | |
| 700 | _aMosenthal, Peter B. | ||
| 904 |
_aAC _b023137 |
||
| 905 | _aArticulo | ||
| 999 |
_c71830 _d71830 |
||